000 00931nam a2200313Ia 4500
008 160803s9999 xx 000 0 und d
020 _a978-0545021333
100 _aStilton, Geronimo
245 _aGeronimo and the gold medal mystery /
245 _cGeronimo Stilton ; illustrations by Cinzia Marrese, Vittoria Termini and Silvia Bigolin ; English translation by Atlantyca S.p.A.
260 _aNew York :
260 _bScholastic Inc.
260 _c2007
300 _a87 pages :
300 _bcolor illustration, maps ;
300 _c20 cm.
440 _aGeronimo Stilton ;
440 _vbk. 33
650 _aJournalists --
650 _aMice --
650 _aMystery and detective stories.
650 _aOlympics --
650 _aStilton, Geronimo (Fictitious character) --
650 _xFiction.
650 _xFiction.
650 _xFiction.
650 _xJuvenile fiction.
700 _a810
999 _c298264
_d298264